ბათუმის შოთა რუსთაველის სახელმწიფო უნივერსიტეტის ბიბლიოთეკა

რუსულ-ქართული საინფორმაციო ომი : 2008 წელი / (ბიბ.ჩანაწერი № 57076)

000 -ლიდერი
ფიქსირებული სიგრძის საკონტროლო ველი 01883nam a22002657a 4500
003 - საკონტროლო ნომრის იდენტიფიკატორი
საკონტროლო ველი Ge_BSU
005 - ბოლო ოპერაციის თარიღი და დრო
საკონტროლო ველი 20191112115901.0
008 - ფიქსირებული სიგრძის მონაცემთა ელემენტები - ზოგადი ინფორმაცია
ფიქსირებული სიგრძის საკონტროლო ველი 191112s2018 ||||| |||| 00| 0 geo d
020 ## - წიგნის საერთაშორისო სტანდარტული ნომერი
International Standard Book Number 9789941301926
041 ## - ენის კოდი
Language code of text/sound track or separate title geo
Language code of original and/or intermediate translations of text rus
080 ## - უნივერსალური ათობითი კლასიფიკაციის ინდექსი
Universal Decimal Classification number 94(479.22)''2008.08.08"+32.019.51 პ-17
100 ## - მთავარი ჩანაწერი - პიროვნების სახელი
Personal name პანფილოვი, ოლეგ.
9 (RLIN) 5296
245 ## - ცნობა სათაურის შესახებ
Title რუსულ-ქართული საინფორმაციო ომი : 2008 წელი /
Statement of responsibility, etc ოლეგ პანფილოვი ; რუსულიდან თარგმნა მიხეილ ანთაძემ ; რედ . ნინო დეკანოიძე ; წინათქმა გრიგოლ ვაშაძე ; ყდის დიზაინერი ია მახათაძე.
264 ## - წარმოების, გამოცემის, დისტრიბუციის და სხვა ცნობები
გამოცემის, წარმოების, დისტრიბუციის... ადგილი თბილისი :
გამოცემის, წარმოების, დისტრიბუციის... სახელწოდება ბაკურ სულაკაურის გამ-ბა,
გამოცემის, წარმოების, დისტრიბუციის... თარიღი 2018.
300 ## - ფიზიკური აღწერა
Extent 435 გვ. ;
Dimensions 21 სმ.
500 ## - ზოგადი შენიშვნა
General note ეძღვნება 1801, 1921,1993, 2008 წლების რუსული ოკუპაციისაგან საქართველოს დამცველთა ხსოვნას.
546 ## - LANGUAGE NOTE
Language note რუსულიდან ნათარგმნი
653 ## - INDEX TERM--UNCONTROLLED
Uncontrolled term 2008 წელი რუსეთ-საქართველოს ომი საქართველოს უახლესი ისტორია.
653 ## - INDEX TERM--UNCONTROLLED
Uncontrolled term საინფორმაციო ომი
700 ## - ADDED ENTRY--PERSONAL NAME
Personal name ანთაძე, მიხეილ
Relator term მთარგმნელი
9 (RLIN) 4086
700 ## - ADDED ENTRY--PERSONAL NAME
Personal name დეკანოიძე, ნინო
Relator term რედაქტორი
9 (RLIN) 5297
700 ## - ADDED ENTRY--PERSONAL NAME
Personal name ვაშაძე, გრიგოლ
Relator term წინათქმა
9 (RLIN) 5298
700 ## - ADDED ENTRY--PERSONAL NAME
Personal name მახათაძე, ია
Relator term ყდის დიზაინერი
9 (RLIN) 5299
942 ## - ADDED ENTRY ELEMENTS (KOHA)
Source of classification or shelving scheme
Koha item type წიგნი
ეგზემპლარები
ჩამოწერის სტატუსი დაკარგული ეგზემპლარის სტატუსი კლასიფიკაციის წყარო ან თაროზე გაწყობის სქემა დაზიანების სტატუსი არ გაიცემა მუდმივი მდებარეობა (დაცვის ადგილი) ამჟამინდელი ადგილსამყოფელი თაროზე განთავსების ადგილი შეძენის თარიღი ღირებულება, შესყიდვის ნორმალური ფასი სრული შენახვის შიფრი შტრიხკოდი ბოლო ოპერაციის თარიღი ეგზემპლარის მიმდევრობითი ნომერი (კეტერი?) ფასის ძალაში შესვლის თარიღი ეგზემპლარის სახეობა საჯარო შენიშვნა
          ბათუმის შოთა რუსთაველის სახელმწიფო უნივერსიტეტის მთავარი ბიბლიოთეკა ბათუმის შოთა რუსთაველის სახელმწიფო უნივერსიტეტის მთავარი ბიბლიოთეკა წიგნსაცავი 2019-11-12 8.00 94(479.22)''2008.08.08''+32.019.51 პ-17 60207 2019-11-12 60207 2019-11-12 წიგნი 8 ლ.